|
|
|
|
| LEADER |
00000cac a2200000 a 4500 |
| 003 |
Ucuenca |
| 005 |
20230308184427.0 |
| 008 |
993121|1990 sp |||||r|||||||||||spa|| |
| 020 |
|
|
|a 8432922145
|
| 040 |
|
|
|b spa
|
| 041 |
0 |
|
|a spa
|
| 082 |
0 |
|
|a 631.004
|
| 100 |
1 |
|
|a Añón, J. A.
|9 111845
|
| 245 |
|
|
|a Aplicaciones del ordenador en la ganaderia
|c J.A. Añón
|h imp
|
| 264 |
|
|
|a Barcelona
|b CEAC
|c 1990
|
| 300 |
|
|
|a 220 páginas:
|b tab
|c 21 cm
|
| 490 |
|
|
|a Guías de agricultura y ganadería
|
| 504 |
|
|
|a incl. ref.
|
| 520 |
3 |
|
|a Esta colección pone al alcance del agricultor, del granjero y del ganadero una serie de conocimientos, prácticos y actuales, acerca de los métodos y tecnología cuya aplicación es ya impresindible en su actualidad
|
| 650 |
|
|
|a Ordenador en la agricultura
|9 111846
|
| 650 |
|
|
|a Hoja de calculo en ganaderia
|9 111847
|
| 650 |
|
|
|a Gastos de los cultivos
|9 111848
|
| 650 |
|
|
|a Gestion de cultivos
|9 111849
|
| 852 |
|
|
|a UC-YANUNCAY
|f Compra
|l 1
|m General
|p 19931215
|q 5.00
|r 2
|t 1243
|v agro
|w Medicina Veterinaria y Zootecnia
|y 130004154
|b 0
|d CDRY
|e CDRY
|g 631.004 ESTANTERIA ABIERTA
|z 1993-31-21
|
| 856 |
|
|
|a http://sibuc.ucuenca.edu.ec/portada/1243-yan.jpg
|
| 942 |
|
|
|c CR
|z diana.leon@ucuenca.edu.ec
|
| 999 |
|
|
|c 66195
|d 66195
|